Soekarno–Hatta Int. Airport Destinations (Jakarta, Indonesia) - Statistics

General Stats
  • This quiz has been taken 329 times
    8 since last reset
  • The average score is 54 of 105
Answer Stats
Airline Destination % Correct
Etihad Airways Abu Dhabi
100%
Garuda Indonesia/KLM Amsterdam
100%
Indonesia AirAsia/Royal Brunei Airlines Bandar Seri Begawan
100%
Batik Air/Citilink/Indonesia AirAsia/Thai Lion Air Bangkok (Don Mueang)
100%
Garuda Indonesia/Thai Airways International Bangkok (Suvarnabhumi)
100%
Egyptair Cairo
100%
Air China Chengdu (Tianfu)
100%
Citilink/XiamenAir Chongqing
100%
Citilink/VietJet Air Da Nang
100%
Garuda Indonesia/Qatar Airways Doha
100%
Emirates Dubai (International)
100%
XiamenAir Fuzhou
100%
China Southern Airlines/Garuda Indonesia/TransNusa Guangzhou
100%
Loong Air/Sriwijaya Air/XiamenAir Hangzhou
100%
Citilink/VietJet Air/Vietnam Airlines Hanoi
100%
Indonesia AirAsia/VietJet Air/Vietnam Airlines Ho Chi Minh City
100%
Cathay Pacific/Garuda Indonesia Hong Kong
100%
Turkish Airlines Istanbul
100%
flynas/Garuda Indonesia/Lion Air/Saudia Jeddah
100%
AirAsia/Batik Air/Batik Air Malaysia/Citilink/Garuda Indonesia/Indonesia AirAsia/KLM/Malaysia Airlines/TransNusa Kuala Lumpur (International)
100%
Batik Air Malaysia/TransNusa Kuala Lumpur (Subang)
100%
Air Macau Macau
100%
Cebu Pacific/Philippine Airlines Manila
100%
flynas/Garuda Indonesia/Lion Air/Saudia Medina
100%
Garuda Indonesia/Qantas Melbourne
100%
IndiGo Mumbai (Shivaji)
100%
XiamenAir Nanjing
100%
Saudia Riyadh
100%
Asiana Airlines/Garuda Indonesia/Korean Air/T'way Air Seoul (Incheon)
100%
China Eastern Airlines/Garuda Indonesia Shanghai (Pudong)
100%
China Southern Airlines/Shenzhen Airlines Shenzhen
100%
All Nippon Airways/Garuda Indonesia Tokyo (Haneda)
100%
All Nippon Airways/Japan Airlines Tokyo (Narita)
100%
XiamenAir Wuhan
100%
Shandong Airlines/XiamenAir Xiamen
100%
Ethiopian Airlines Addis Ababa
86%
Air China Beijing (Capital)
86%
SriLanakan Airlines Colombo (Bandaranaike)
86%
Oman Air Muscat
86%
Batik Air/Indonesia AirAsia Perth
86%
Batik Air/Citilink/Garuda Indonesia/Indonesia AirAsia/Jetstar Asia/KLM/Pelita Air/Scoot/Singapore Airlines/TransNusa Singapore
86%
Garuda Indonesia/Qantas Sydney
86%
China Airlines/EVA Air/Starlux Airlines Taipei (Taoyuan)
86%
Batik Air/Citilink/Garuda Indonesia/Indonesia AirAsia/Lion Air/NAM Air/Pelita Air/Sriwijaya Air/Super Air Jet/TransNusa Denpasar
71%
Batik Air/Hainan Airlines/Lion Air/Loong Air Haikou
71%
Batik Air/Sichuan Airlines Nanning
71%
AirAsia/Batik Air Malaysia/Indonesia AirAsia/TransNusa Penang
71%
Indonesia AirAsia Phnom Penh
71%
Batik Air/Citilink/Garuda Indonesia/Lion Air/Pelita Air/Super Air Jet Surabaya
71%
Batik Air Malaysia/Indonesia AirAsia/TransNusa Johor Bahru
57%
Batik Air/Citilink/Garuda Indonesia/Indonesia AirAsia/Lion Air/Pelita Air/Super Air Jet Medan
57%
Citilink/Sriwijaya Air Wenzhou
57%
Batik Air/Citilink/Garuda Indonesia Jayapura
43%
Indonesia AirAsia Kota Kinabalu
43%
Citilink/Lucky Air Kunming
43%
Lion Air Sanya
43%
Uzbekistan Airways Tashkent
43%
Batik Air/Citilink/Garuda Indonesia/Lion Air/NAM Air/Pelita Air/TransNusa Yogyakarta (International)
43%
Batik Air/Citilink/Garuda Indonesia/Pelita Air/Super Air Jet Banda Aceh
29%
Batik Air/Garuda Indonesia Gorontalo
29%
Batik Air/Citilink/Garuda Indonesia/Lion Air/Pelita Air/Sriwijaya Air/Super Air Jet Makassar
29%
Batik Air/Citilink/Garuda Indonesia/Lion Air/Pelita Air/Super Air Jet Palembang
29%
Batik Air/Citilink/Garuda Indonesia/Lion Air Ambon
14%
Batik Air/Citilink/Garuda Indonesia/Pelita Air/Super Air Jet Balikpapan
14%
Citilink/Garuda Indonesia/Indonesia AirAsia/Lion Air/Super Air Jet Bandar Lampung
14%
Batik Air/Citilink/Garuda Indonesia/Lion Air/NAM Air/Super Air Jet Batam
14%
Batik Air/Citilink/Super Air Jet Bengkulu
14%
Batik Air/Citilink/Garuda Indonesia/Sriwijaya Air/Super Air Jet Jambi
14%
Indonesia AirAsia Kuching
14%
Batik Air/Citilink/Garuda Indonesia/Lion Air/Super Air Jet Kupang
14%
Batik Air/Citilink/Garuda Indonesia/Lion Air/Pelita Air/Super Air Jet/TransNusa Lombok
14%
Citilink/Garuda Indonesia/Super Air Jet Palangkaraya
14%
Batik Air/Garuda Indonesia/Super Air Jet Palu
14%
Citilink/Garuda Indonesia/Lion Air/NAM Air/Sriwijaya Air/Super Air Jet Pangkal Pinang
14%
Batik Air/Citilink/Garuda Indonesia/Lion Air/Pelita Air/Super Air Jet Pekanbaru
14%
Batik Air/Citilink/Garuda Indonesia/Lion Air/Pelita Air/Sriwijaya Air/Super Air Jet Pontianak
14%
Batik Air/Citilink/Garuda Indonesia Samarinda
14%
Batik Air/Citilink/Garuda Indonesia/NAM Air/Super Air Jet Semarang
14%
Batik Air/Garuda Indonesia/Pelita Air/Super Air Jet Sorong
14%
Citilink/Garuda Indonesia/Pelita Air/Super Air Jet Banjarmasin
0%
Super Air Jet Banyuwangi
0%
TransNusa Guiyang
0%
Super Air Jet Kediri
0%
Batik Air/Citilink/Garuda Indonesia/Pelita Air/Super Air Jet Kendari
0%
AirAsia Kota Bharu
0%
Batik Air/Garuda Indonesia/Indonesia AirAsia/Super Air Jet Labuan Bajo
0%
Batik Air Lubuklinggau
0%
Batik Air/Citilink Luwuk
0%
Batik Air/Garuda Indonesia Malang
0%
Batik Air/Citilink/Garuda Indonesia/Indonesia AirAsia/Lion Air Manado
0%
NAM Air Muara Bungo
0%
Batik Air/Citilink/Garuda Indonesia/Lion Air/Pelita Air/Super Air Jet Padang
0%
Batik Air/NAM Air Pangkalan Bun
0%
NAM Air Sampit
0%
Citilink/Indonesia AirAsia/Super Air Jet Siborong-Borong
0%
Indonesia AirAsia/Super Air Jet Silangit
0%
Super Air Jet/TransNusa Singkawang
0%
Batik Air/Citilink/Garuda Indonesia/Indonesia AirAsia/Lion Air Solo
0%
Citilink/Lion Air/Sriwijaya Air Tanjung Pandan
0%
Batik Air/Garuda Indonesia Tanjung Pinang
0%
Batik Air Tanjung Redeb
0%
Batik Air Tarakan
0%
Batik Air/Garuda Indonesia/Super Air Jet Ternate
0%
Garuda Indonesia Timika
0%
Citilink Zhangjiajie
0%
No matching quizzes found
Score Distribution
Percent of People with Each Score
Percentile by Number Answered
Your Score History
You have not taken this quiz since the last reset